[Event "POL-chT3"]
[Site "Jastrzebia Gora POL"]
[Date "2016.09.07"]
[Round "5.98"]
[White "Szymczak, Rafal"]
[Black "Miasik, Adrian"]
[Result "1-0"]
[WhiteElo "2007"]
[BlackElo "1933"]
[EventDate "2016.09.02"]

1.f4 d5 2.Nf3 e6 3.g3 Nf6 4.Bg2 Bd6 5.O-O O-O 6.d3 b6 7.Nc3 a6 8.e4 dxe4 
9.Ng5 Bb7 10.Ngxe4 Ra7 11.Qe2 Nbd7 12.Bd2 Be7 13.f5 e5 14.Kh1 Re8 15.Rae1 
Bb4 16.Bg5 Be7 17.Bd2 Bb4 18.a3 Nxe4 19.dxe4 Bc5 20.b4 Bd6 21.Nd5 Bxd5 22.
exd5 f6 23.Be4 Qe7 24.g4 h6 25.h4 Rd8 26.Rg1 Kf8 27.Rg3 Qf7 28.Reg1 Ke8 
29.g5 hxg5 30.hxg5 Ke7 31.R1g2 Rh8+ 32.Kg1 Qh5 33.gxf6+ Nxf6 34.Rxg7+ Ke8 
35.Qxh5+ Rxh5 36.Bd3 e4 37.Be2 Rxf5 38.c4 Ra8 39.Bg4 Nxg4 40.R2xg4 Kd8 41.
Rg8+ Rf8 42.Bh6 Kd7 43.Bxf8 Bxf8 44.Kf1 Re8 45.Ke2 a5 46.Rf4 Bd6 47.Rxe8 
Kxe8 48.Rxe4+ Kd7 49.bxa5 bxa5 50.a4 Kc8 51.Kd3 Kb7 52.Kd4 1-0

[Event "POL-chT3"]
[Site "Jastrzebia Gora POL"]
[Date "2016.09.07"]
[Round "5.99"]
[White "Ziemniak, Piotr"]
[Black "Sielicki, Tomasz"]
[Result "1/2-1/2"]
[WhiteElo "1783"]
[BlackElo "1962"]
[EventDate "2016.09.02"]

1.e4 e5 2.Nc3 Nf6 3.Bc4 Bc5 4.d3 Nc6 5.Nf3 h6 6.O-O d6 7.h3 g5 8.Nh2 Na5 
9.Bb3 Nxb3 10.axb3 a6 11.Be3 Be6 12.d4 Bb4 13.dxe5 dxe5 14.Qxd8+ Rxd8 15.
f3 Nh5 16.Kf2 Nf4 17.Ng4 Bd6 18.Nf6+ Ke7 19.Nfd5+ Kd7 20.Rad1 c6 21.Nxf4 
gxf4 22.Bb6 Ke7 23.Bxd8+ Rxd8 24.Rfe1 Rg8 25.Rh1 Bc5+ 26.Kf1 h5 27.Ne2 h4 
28.Nc1 f6 29.Nd3 Be3 30.Nf2 Rg5 31.Ng4 Bd4 32.Rb1 Rg8 33.Nh6 Rg5 34.Ng4 
Rg8 35.Nh6 Rg5 1/2-1/2

[Event "POL-chT3"]
[Site "Jastrzebia Gora POL"]
[Date "2016.09.07"]
[Round "5.100"]
[White "Koziol, Pawel"]
[Black "Wozniak, Grzegorz"]
[Result "1-0"]
[WhiteElo "1855"]
[BlackElo "1695"]
[EventDate "2016.09.02"]

1.Nf3 Nf6 2.g3 d5 3.Bg2 c5 4.O-O Nc6 5.d3 e5 6.Nbd2 Bg4 7.h3 Be6 8.e4 d4 
9.Ng5 Qd7 10.a4 h6 11.Nxe6 Qxe6 12.Nc4 Be7 13.f4 O-O 14.f5 Qd7 15.Qe2 Rad8
16.h4 Nh7 17.Qf2 g5 18.Bf3 f6 19.Bh5 Kg7 20.Qe2 Rh8 21.Bd2 Rdg8 22.hxg5 
hxg5 23.Kg2 Nf8 24.Rh1 Rh6 25.Rh3 Rgh8 26.Rah1 Nd8 27.b3 Nf7 28.Bc1 Nd6 
29.Nd2 Bd8 30.Nf3 Nf7 31.Nh2 R6h7 32.Ng4 Nh6 33.Nf2 a6 34.Qf3 Qc7 35.Kf1 
b5 36.axb5 axb5 37.Be8 c4 38.bxc4 bxc4 39.Kg2 Qe7 40.Bb5 c3 41.Bc4 Bc7 42.
R1h2 Bd6 43.g4 Ng8 44.Rxh7+ Rxh7 45.Rxh7+ Nxh7 46.Nh1 Ba3 47.Qd1 Nh6 48.
Kf3 Nf7 49.Ng3 Bb2 50.Qh1 Nd6 51.Bb3 Bxc1 52.Qxc1 Nb7 53.Qa1 Nc5 54.Bc4 
Nf8 55.Qa8 Ncd7 56.Qd5 Nb6 57.Qg8+ Kh6 58.Bf7 Nc8 59.Nh5 1-0

[Event "POL-chT3"]
[Site "Jastrzebia Gora POL"]
[Date "2016.09.07"]
[Round "5.101"]
[White "Wasik, Roman"]
[Black "Milczarek, Robert"]
[Result "0-1"]
[WhiteElo "1474"]
[BlackElo "1740"]
[EventDate "2016.09.02"]

1.Nf3 Nf6 2.c4 g6 3.d4 Bg7 4.Nc3 d6 5.e4 O-O 6.Be2 Na6 7.O-O e5 8.Be3 Ng4 
9.Bg5 Qe8 10.d5 h6 11.Bc1 f5 12.Nd2 Nf6 13.Rb1 f4 14.b4 g5 15.c5 g4 16.
cxd6 cxd6 17.Nb5 Qe7 18.Nc4 Rd8 19.Nc3 Bf8 20.a4 Qg7 21.Kh1 Qg6 22.Ba3 Qg5
23.b5 Nc5 24.Bxc5 dxc5 25.d6 Rd7 26.Qb3 Kh8 27.Rbd1 Rg7 28.Rd3 Be6 29.Nd5 
Bxd5 30.exd5 e4 31.Rd2 Rd8 32.Qc3 b6 33.a5 Bxd6 34.Nxd6 Rxd6 35.axb6 axb6 
36.Bc4 Re7 37.Qb2 Qe5 38.Qb3 Kg7 39.Rg1 Ra7 40.Rdd1 Qe7 41.Rge1 Rad7 42.
Rd2 Nxd5 43.Red1 Nf6 44.Rxd6 Rxd6 45.Rxd6 Qxd6 46.Qa4 Qd2 47.Qa7+ Nd7 48.
Qa1+ Qd4 49.Qf1 Ne5 50.Be2 Nd3 51.Kg1 g3 52.hxg3 fxg3 53.Bxd3 gxf2+ 54.
Qxf2 Qxf2+ 55.Kxf2 exd3 0-1

[Event "POL-chT3"]
[Site "Jastrzebia Gora POL"]
[Date "2016.09.07"]
[Round "5.102"]
[White "Baranska, Monika"]
[Black "Wasik, Justyna"]
[Result "1-0"]
[WhiteElo "1780"]
[BlackElo "1385"]
[EventDate "2016.09.02"]

1.d4 d6 2.c4 g6 3.Nc3 Bg7 4.e4 Nf6 5.Nf3 Nc6 6.Be2 O-O 7.O-O e5 8.d5 Ne7 
9.b4 Nh5 10.g3 f5 11.Ng5 Nf6 12.Bf3 h6 13.Ne6 Bxe6 14.dxe6 fxe4 15.Nxe4 
Rb8 16.b5 Nf5 17.Bb2 Qe8 18.Nxf6+ Bxf6 19.Bd5 Kh7 20.Qa4 a6 21.Rab1 Ng7 
22.f4 Nxe6 23.f5 Nc5 24.Qc2 axb5 25.cxb5 c6 26.bxc6 bxc6 27.Bc4 g5 28.Ba3 
Rxb1 29.Rxb1 e4 30.Bxc5 dxc5 31.Rb7+ Kh8 32.Be6 Bd4+ 33.Kg2 e3 34.f6 Rf7 
35.Rxf7 Qg8 36.Rc7 Bxf6 37.Bxg8 Kxg8 38.Qg6+ Kf8 39.Qf7# 1-0

[Event "POL-chT3"]
[Site "Jastrzebia Gora POL"]
[Date "2016.09.08"]
[Round "6.1"]
[White "Sopur, Lech"]
[Black "Szotkowski, Jakub"]
[Result "1/2-1/2"]
[WhiteElo "2404"]
[BlackElo "2403"]
[EventDate "2016.09.02"]

1.d4 Nf6 2.Nf3 c5 3.d5 d6 4.Nc3 g6 5.e4 Bg4 6.h3 Bxf3 7.Qxf3 Bg7 8.Be2 O-O
9.O-O Nbd7 10.a4 a6 11.Re1 Qa5 12.Ra3 Rfc8 13.Bd2 c4 14.Nb1 Qc5 15.a5 Qd4 
16.Bc3 Qxe4 17.Qxe4 Nxe4 18.Bxg7 Kxg7 19.Bg4 Nef6 20.Bxd7 Nxd7 21.Rxe7 Nf6
22.Rxb7 Rab8 23.Rb6 Nxd5 24.Rxd6 Rxb2 25.Rxd5 Rxb1+ 26.Kh2 Rb2 27.Rc3 Rb5 
28.Rd4 Rxa5 29.Rdxc4 Rxc4 30.Rxc4 h5 31.h4 Ra1 1/2-1/2

[Event "POL-chT3"]
[Site "Jastrzebia Gora POL"]
[Date "2016.09.08"]
[Round "6.2"]
[White "Nguyen, Piotr"]
[Black "Lewtak, Damian"]
[Result "1/2-1/2"]
[WhiteElo "2435"]
[BlackElo "2333"]
[EventDate "2016.09.02"]

1.Nf3 d5 2.d4 Nf6 3.c4 c6 4.Nc3 dxc4 5.a4 Bf5 6.e3 e6 7.Bxc4 a5 8.O-O Nbd7
9.Nh4 Bg4 10.f3 Nd5 11.fxg4 Qxh4 12.g3 Qe7 13.e4 Nb4 14.Be3 g6 15.Qd2 Bg7 
16.Bg5 f6 17.Be3 O-O 18.Ne2 g5 19.Nc3 Rad8 20.Rad1 Kh8 21.Qf2 b6 22.Na2 
Nxa2 23.Bxa2 c5 24.d5 exd5 25.exd5 Ne5 26.h3 Rd6 27.Bb1 Rfd8 28.Qf5 Ng6 
29.Rfe1 Qe5 30.Bf2 Qxf5 31.gxf5 Ne5 32.Be4 1/2-1/2

[Event "POL-chT3"]
[Site "Jastrzebia Gora POL"]
[Date "2016.09.08"]
[Round "6.3"]
[White "Orzech, Dominik"]
[Black "Kowalczyk, Pawel"]
[Result "0-1"]
[WhiteElo "2378"]
[BlackElo "2303"]
[EventDate "2016.09.02"]

1.d4 Nf6 2.Nf3 c5 3.g3 cxd4 4.Nxd4 e5 5.Nb3 d5 6.Bg2 Nc6 7.O-O Be7 8.c4 
Be6 9.cxd5 Nxd5 10.Bd2 O-O 11.Nc3 Ndb4 12.Ne4 Rc8 13.Nec5 Bc4 14.a3 Bxb3 
15.Nxb3 Nd5 16.Rc1 Qd7 17.Nc5 Bxc5 18.Rxc5 Nde7 19.Bg5 Qe6 20.Qa4 Nd4 21.
Rxc8 Nxe2+ 22.Kh1 Nxc8 23.Bxb7 Nd6 24.Bg2 Rb8 25.Qxa7 Rxb2 26.Qa8+ Qe8 27.
Qxe8+ Nxe8 28.Be7 h6 29.Rd1 f5 30.Bd5+ Kh7 31.Kg2 Nf6 32.Bxf6 gxf6 33.Rd3 
Rb1 34.f3 Rb2 35.Rb3 Rd2 36.Rb7+ Kh8 37.Rb8+ Kg7 38.Rb7+ Kf8 39.Bc4 Nd4+ 
40.Kf1 Nxf3 41.Rf7+ Ke8 42.Rxf6 Nxh2+ 43.Ke1 Nf3+ 44.Kf1 Nd4 45.Rxh6 e4 
46.a4 Rc2 47.Bb5+ Ke7 48.Rh8 Rb2 49.g4 Nxb5 50.axb5 f4 51.Rh5 Ke6 52.Rc5 
f3 53.Rf5 Rg2 54.Rf8 Ke5 55.Rf5+ Kd4 56.b6 Rb2 57.Rf6 Rb1+ 58.Kf2 e3+ 59.
Kg3 e2 60.Rf4+ Ke5 61.Rf5+ Ke6 0-1

[Event "POL-chT3"]
[Site "Jastrzebia Gora POL"]
[Date "2016.09.08"]
[Round "6.4"]
[White "Jagodzinski, Piotr"]
[Black "Kowalczyk, Rafal"]
[Result "0-1"]
[WhiteElo "2241"]
[BlackElo "2241"]
[EventDate "2016.09.02"]

1.Nf3 Nf6 2.c4 e6 3.g3 d5 4.Bg2 Be7 5.O-O O-O 6.Qc2 a6 7.cxd5 exd5 8.d4 
Nc6 9.Bf4 Bd6 10.Bxd6 Qxd6 11.Nbd2 Re8 12.e3 a5 13.Rac1 a4 14.Ne5 a3 15.
bxa3 Bd7 16.Nxd7 Nxd7 17.Qb3 Nb6 18.Rc5 Ra5 19.Bxd5 Nxd5 20.Nc4 Qxc5 21.
dxc5 Rxc5 22.Rd1 b5 23.Nb2 Nc3 24.Qc2 g6 25.Kg2 Ra8 26.Rd7 Rxa3 27.Nd1 b4 
28.h4 h5 29.Kh3 Ne5 30.Rd8+ Kg7 31.Qb2 Rc4 32.Nxc3 Raxc3 33.Qa1 Kf6 34.Re8
Nd3 35.Kg2 Rc5 36.Re4 0-1

[Event "POL-chT3"]
[Site "Jastrzebia Gora POL"]
[Date "2016.09.08"]
[Round "6.5"]
[White "Rawicz, Karol"]
[Black "Dowgird, Filip"]
[Result "0-1"]
[WhiteElo "2216"]
[BlackElo "2238"]
[EventDate "2016.09.02"]

1.e4 e6 2.Nf3 d5 3.Nc3 Nf6 4.e5 Nfd7 5.d4 c5 6.dxc5 Nxc5 7.Bd3 Nc6 8.O-O 
Be7 9.a3 Bd7 10.b4 Nxd3 11.cxd3 O-O 12.Bb2 Rc8 13.Rc1 f5 14.exf6 Bxf6 15.
Qe2 Nd4 16.Nxd4 Bxd4 17.Nb1 Rxc1 18.Bxc1 Qc7 19.Be3 Be5 20.h4 b6 21.Rc1 
Qd6 22.d4 Bf6 23.g3 e5 24.Nd2 Re8 25.Qa6 Bg4 26.Qxa7 exd4 27.Bf4 Qe6 28.
Qb7 d3 29.Nf1 Bd4 30.Be3 Bxe3 31.Nxe3 d2 32.Rc7 Qe5 0-1

[Event "POL-chT3"]
[Site "Jastrzebia Gora POL"]
[Date "2016.09.08"]
[Round "6.6"]
[White "Majdan-gajewska, Joanna"]
[Black "Sliwicka, Alicja"]
[Result "1-0"]
[WhiteElo "2362"]
[BlackElo "2092"]
[EventDate "2016.09.02"]

1.e4 e5 2.Nf3 Nc6 3.Bc4 Nf6 4.Ng5 d5 5.exd5 Na5 6.Bb5+ c6 7.dxc6 bxc6 8.
Bd3 Nd5 9.Ne4 Be7 10.O-O O-O 11.Re1 f5 12.Nec3 Qc7 13.a3 Be6 14.b4 Nb7 15.
Bb2 Bf6 16.Bc4 a5 17.b5 Nd6 18.Bf1 Nxc3 19.Nxc3 Nc4 20.Bxc4 Bxc4 21.a4 e4 
22.Qh5 Qf4 23.Re3 Bd4 24.Nd5 Qe5 25.Bxd4 Qxd5 26.Bc3 g6 27.Qh6 Rf7 28.d3 
exd3 29.cxd3 Bb3 30.Rae1 Qd7 31.b6 f4 32.Re4 Raf8 33.Qg5 Qd5 34.Qxd5 Bxd5 
35.Re7 f3 36.g3 c5 37.Bxa5 Ra8 38.Re8+ Rf8 39.R8e5 Rxa5 40.Rxd5 Rb8 41.d4 
Rxb6 42.dxc5 Rc6 43.Rd7 Kf8 44.Re3 Rf6 45.Rb3 Ra8 46.Rxh7 Kg8 47.Rd7 Rxa4 
48.Rbd3 Rc4 49.R7d5 Rf5 50.Rd6 g5 51.c6 g4 52.h3 gxh3 53.Kh2 Kg7 54.Rd7+ 
Kg6 55.c7 Rf6 56.R3d6 Rc1 57.Kxh3 Rxd6 58.Rxd6+ Kf5 59.g4+ Kf4 60.Rf6+ Ke4
61.Rf7 Rh1+ 62.Kg3 Rg1+ 63.Kh4 Rc1 64.Kg5 Rc5+ 65.Kf6 Kd3 66.Re7 Rc6+ 67.
Kf7 1-0

[Event "POL-chT3"]
[Site "Jastrzebia Gora POL"]
[Date "2016.09.08"]
[Round "6.7"]
[White "Szwed, Jacek"]
[Black "Kantans, Toms"]
[Result "0-1"]
[WhiteElo "2402"]
[BlackElo "2491"]
[EventDate "2016.09.02"]

1.e4 c5 2.Nf3 d6 3.Nc3 Nf6 4.d4 cxd4 5.Qxd4 Nc6 6.Bb5 Bd7 7.Bxc6 Bxc6 8.
Bg5 e6 9.O-O-O Be7 10.Bxf6 Bxf6 11.Qxd6 Qa5 12.e5 Rd8 13.Qa3 Qxa3 14.bxa3 
Bxf3 15.Rxd8+ Bxd8 16.gxf3 Bg5+ 17.Kb2 Bf4 18.h3 Bxe5 19.Kb3 Ke7 20.Rd1 
Rc8 21.Ne2 Rc5 22.c4 Bc7 23.Ng3 b5 24.Rd4 Bb6 25.a4 bxc4+ 26.Rxc4 f5 27.
Rh4 h6 28.Ne2 Rd5 29.Rc4 Rd2 30.Rc2 Rxc2 31.Kxc2 g5 32.Kd3 Bxf2 33.Kc4 Kd6
34.Nc1 h5 35.Nd3 Be3 36.Ne1 e5 37.Nc2 Bc5 38.Ne1 e4 39.fxe4 fxe4 40.Ng2 h4
41.Kc3 Ke5 42.Kd2 g4 0-1

[Event "POL-chT3"]
[Site "Jastrzebia Gora POL"]
[Date "2016.09.08"]
[Round "6.8"]
[White "Kuzmicz, Krystian"]
[Black "Jedynak, Radoslaw"]
[Result "1/2-1/2"]
[WhiteElo "2470"]
[BlackElo "2366"]
[EventDate "2016.09.02"]

1.c4 Nf6 2.g3 g6 3.Bg2 Bg7 4.Nc3 O-O 5.Nf3 d6 6.O-O e5 7.d3 a5 8.Rb1 c6 9.
a3 h6 10.b4 axb4 11.axb4 Be6 12.b5 Nbd7 13.Nd2 d5 14.Qc2 Qe7 15.bxc6 bxc6 
16.Bb2 Rfb8 17.Ra1 Kh7 18.Rxa8 Rxa8 19.Ra1 Rxa1+ 20.Bxa1 Qb4 21.Qb2 Bf8 
22.cxd5 cxd5 23.Nb5 Qxb2 24.Bxb2 Bb4 25.Bc3 Bxc3 26.Nxc3 d4 27.Nce4 Nxe4 
28.Nxe4 f5 29.Nd2 Kg7 30.f4 Kf6 31.Bc6 g5 32.Bxd7 Bxd7 33.Nf3 exf4 34.gxf4
gxf4 35.Nxd4 Ke5 36.Nf3+ Kf6 37.Kf2 Bc6 38.Nd2 Kg5 39.Nf3+ Kf6 40.Ke1 Bb7 
41.Kd2 Ba8 42.Kc3 Bb7 43.Kd4 Ba8 44.Kc5 Ke6 45.d4 Bb7 46.Nh4 Be4 47.Ng6 f3
48.exf3 Bxf3 49.Nf4+ Kf6 50.Kd6 Kg5 51.Ke5 Kg4 52.h3+ Kg3 53.Kxf5 Bb7 54.
Ke5 Ba8 55.d5 Bxd5 56.Nxd5 1/2-1/2

[Event "POL-chT3"]
[Site "Jastrzebia Gora POL"]
[Date "2016.09.08"]
[Round "6.9"]
[White "Tymrakiewicz, Rafal"]
[Black "Sabuk, Piotr"]
[Result "0-1"]
[WhiteElo "2285"]
[BlackElo "2365"]
[EventDate "2016.09.02"]

1.d4 d5 2.Nf3 Nf6 3.e3 c5 4.c4 cxd4 5.exd4 Nc6 6.Nc3 Bg4 7.Be3 e6 8.c5 Be7
9.h3 Bxf3 10.Qxf3 O-O 11.Bb5 e5 12.dxe5 Nxe5 13.Qf5 Ned7 14.Bxd7 Qxd7 15.
Qxd7 Nxd7 16.Nxd5 Bxc5 17.Ke2 Bxe3 18.Nxe3 Rac8 19.Rac1 g6 20.Rhd1 Nb6 21.
b3 f5 22.f4 Kf7 23.Kf3 Ke6 24.Re1 Rxc1 25.Rxc1 Rc8 26.Rd1 Nd7 27.Rd2 Rc3 
28.Rc2 Rxc2 29.Nxc2 Nf6 30.g3 Kd5 31.Ke3 a5 32.Na3 Kc5 33.Nc4 b6 34.a3 a4 
35.Nd2 axb3 36.Nxb3+ Kc4 37.Nd2+ Kc3 38.Nf3 b5 39.Ne5 Kb3 40.Kd4 Kxa3 41.
Nd3 b4 42.Ke5 Ne4 43.g4 b3 44.gxf5 gxf5 45.Kxf5 Nf2 46.Ne5 Kb4 47.Nc6+ Kc3
48.Na5 b2 0-1

[Event "POL-chT3"]
[Site "Jastrzebia Gora POL"]
[Date "2016.09.08"]
[Round "6.10"]
[White "Dubinski, Mateusz"]
[Black "Gmaj, Krzysztof"]
[Result "1-0"]
[WhiteElo "2241"]
[BlackElo "2192"]
[EventDate "2016.09.02"]

1.d4 f5 2.Nc3 d5 3.Bf4 a6 4.Nf3 Nf6 5.e3 e6 6.Bd3 c5 7.dxc5 Bxc5 8.Ne2 Nc6
9.O-O O-O 10.Ned4 Bd7 11.c4 Nb4 12.Be2 Kh8 13.a3 Nc6 14.b4 Ba7 15.c5 Bb8 
16.Nxc6 Bxc6 17.a4 Ne4 18.Qd4 Qe8 19.Bd1 Qe7 20.g3 Be8 21.Ne5 Kg8 22.Nd3 
g5 23.Bxb8 Rxb8 24.f3 Nd2 25.Rf2 Nc4 26.f4 b6 27.cxb6 Rxb6 28.Bb3 Rc6 29.
Rc2 Nd6 30.Rac1 Rxc2 31.Rxc2 Bh5 32.Rc6 Be2 33.Nc5 gxf4 34.exf4 Rc8 35.
Rxc8+ Nxc8 36.Nxe6 Bc4 37.Bxc4 dxc4 38.Qxc4 Nd6 39.Qd5 Ne4 40.Nd4+ Kh8 41.
Qe6 1-0

[Event "POL-chT3"]
[Site "Jastrzebia Gora POL"]
[Date "2016.09.08"]
[Round "6.11"]
[White "Morkisz, Bogdan"]
[Black "Szczepaniak, Lukasz"]
[Result "0-1"]
[WhiteElo "2020"]
[BlackElo "2173"]
[EventDate "2016.09.02"]

1.e4 e5 2.Nf3 Nc6 3.Nc3 Nf6 4.a3 d5 5.Bb5 d4 6.Ne2 Bd6 7.Bxc6+ bxc6 8.d3 
O-O 9.Ng3 Rb8 10.O-O h6 11.Qe2 Nh7 12.b3 Re8 13.h3 Nf8 14.Nf5 Ng6 15.g4 
Be7 16.Kh2 Bg5 17.Bxg5 hxg5 18.Qd2 Nf4 19.Qa5 Qf6 20.Qxc7 Rb7 21.Qd6 Re6 
22.Qc5 g6 23.Ng3 Re8 24.Ng1 Bxg4 25.f3 Bxh3 26.Rf2 Qh8 27.N1e2 Bf1+ 28.Kg1
Bxe2 29.Rh2 Nh3+ 30.Kg2 Bxf3+ 31.Kxf3 Qf6+ 32.Ke2 Qf4 33.Nf1 Ng1+ 34.Ke1 
0-1

[Event "POL-chT3"]
[Site "Jastrzebia Gora POL"]
[Date "2016.09.08"]
[Round "6.12"]
[White "Kantane, Anna"]
[Black "Kubicka, Anna"]
[Result "1/2-1/2"]
[WhiteElo "2248"]
[BlackElo "2239"]
[EventDate "2016.09.02"]

1.e4 c5 2.Nf3 d6 3.d4 cxd4 4.Nxd4 Nf6 5.Nc3 a6 6.Bg5 Nbd7 7.f4 Qc7 8.Qf3 
h6 9.Bxf6 Nxf6 10.f5 Qc5 11.O-O-O g5 12.e5 Qxe5 13.g3 g4 14.Qf2 h5 15.Kb1 
h4 16.Bg2 h3 17.Rhe1 Qc5 18.Bh1 Bd7 19.Qe2 Rb8 20.Ne4 Nxe4 21.Qxe4 Rg8 22.
Qf4 Kd8 23.Qe3 Ke8 24.Qf4 Kd8 25.Qe3 Ke8 26.Qf4 1/2-1/2

[Event "POL-chT3"]
[Site "Jastrzebia Gora POL"]
[Date "2016.09.08"]
[Round "6.13"]
[White "Gajek, Radoslaw"]
[Black "Wandzik, Wojciech"]
[Result "1/2-1/2"]
[WhiteElo "2439"]
[BlackElo "2346"]
[EventDate "2016.09.02"]

1.c4 Nf6 2.d4 e6 3.g3 c5 4.Nf3 cxd4 5.Nxd4 Qc7 6.Nc3 a6 7.Qd3 Nc6 8.Nxc6 
dxc6 9.Bg2 e5 10.O-O Be7 11.b3 O-O 12.Bb2 Be6 13.Rfd1 Rad8 14.Qc2 Rxd1+ 
15.Rxd1 Rd8 16.Rxd8+ Qxd8 17.Ne4 Nd7 18.Nd2 Qa5 19.Bc3 Bb4 20.Bxb4 Qxb4 
21.Nf3 h6 22.Kf1 a5 23.Ne1 a4 24.Nd3 Qa3 25.bxa4 Nb6 26.Qb3 Nxc4 27.Qxa3 
Nxa3 28.Nc5 Bc8 29.a5 Kf8 30.a6 bxa6 31.Bxc6 Ke7 32.Bb7 Bxb7 33.Nxb7 Nb5 
34.Ke1 Nc3 35.a3 Nb1 36.a4 Nc3 37.Nc5 Kd6 38.Nxa6 Nxa4 39.Kd2 Nb6 1/2-1/2

[Event "POL-chT3"]
[Site "Jastrzebia Gora POL"]
[Date "2016.09.08"]
[Round "6.14"]
[White "Lizak, Jakub"]
[Black "Karpus, Michal"]
[Result "0-1"]
[WhiteElo "2146"]
[BlackElo "2254"]
[EventDate "2016.09.02"]

1.e4 e5 2.Nf3 Nc6 3.Bb5 a6 4.Bxc6 dxc6 5.O-O f6 6.d4 Bg4 7.c3 Bd6 8.h3 Bh5
9.Be3 Qe7 10.Nbd2 O-O-O 11.dxe5 Bxe5 12.Qc2 g5 13.Nxe5 fxe5 14.Nb3 b6 15.
a4 g4 16.hxg4 Bxg4 17.a5 b5 18.f3 Be6 19.Nc5 Nf6 20.Nxa6 Rdg8 21.c4 Bxc4 
22.Rf2 Nh5 23.Rd2 Qh4 24.g4 Qg3+ 25.Rg2 Qxf3 26.Bh6 Rxg4 27.Rxg4 Qxg4+ 28.
Qg2 Qe6 29.Bg5 Rg8 30.Nc5 Qg6 31.Qh3+ Kb8 32.Nd7+ Ka8 33.Nb6+ Kb7 34.a6+ 
Kxb6 35.Qe3+ c5 36.a7 Nf4 0-1

[Event "POL-chT3"]
[Site "Jastrzebia Gora POL"]
[Date "2016.09.08"]
[Round "6.15"]
[White "Krainski, Aleksander"]
[Black "Duda, Lukasz"]
[Result "1-0"]
[WhiteElo "2170"]
[BlackElo "2200"]
[EventDate "2016.09.02"]

1.e4 e6 2.d4 d5 3.e5 c5 4.c3 Qb6 5.Nf3 Bd7 6.Be2 Bb5 7.Bxb5+ Qxb5 8.a4 Qd7
9.O-O Nc6 10.dxc5 Bxc5 11.b4 Be7 12.Na3 h5 13.a5 Nh6 14.Nc2 Qc7 15.a6 bxa6
16.Re1 a5 17.b5 Nb8 18.Ncd4 Bc5 19.Qa4 Bb6 20.Ba3 Nd7 21.Bd6 Qb7 22.Qa3 
Rc8 23.Reb1 Nc5 24.Nc6 Ne4 25.Nfd4 Qd7 26.Rd1 Nxd6 27.exd6 O-O 28.Ne7+ Kh8
29.Nxc8 Rxc8 30.Nc6 Ng4 31.Ra2 a6 32.c4 dxc4 33.h3 axb5 34.Ne7 Nxf2 1-0

[Event "POL-chT3"]
[Site "Jastrzebia Gora POL"]
[Date "2016.09.08"]
[Round "6.16"]
[White "Gola, Karol"]
[Black "Krainski, Slawomir"]
[Result "0-1"]
[WhiteElo "2191"]
[BlackElo "2144"]
[EventDate "2016.09.02"]

1.e4 e5 2.Nf3 Nc6 3.Nc3 Nf6 4.d4 exd4 5.Nxd4 Bb4 6.Nxc6 bxc6 7.Bd3 d5 8.
exd5 cxd5 9.O-O O-O 10.Bg5 c6 11.Qf3 Bd6 12.h3 Rb8 13.Rab1 Re8 14.Rfe1 
Rxe1+ 15.Rxe1 Be6 16.Nd1 Qa5 17.c3 Ne4 18.Bf4 Qc7 19.Bxd6 Nxd6 20.Qh5 g6 
21.Qg5 Qd8 22.Qe5 Qd7 23.Qd4 Bf5 24.Bxf5 Nxf5 25.Qe5 Rd8 26.b3 c5 27.Nb2 
d4 28.cxd4 cxd4 29.Nd3 Qc6 30.b4 Qc2 31.Nc5 Qxa2 32.Ne4 Qe6 33.Nf6+ Kh8 
34.Qxe6 fxe6 35.Rxe6 d3 36.Re1 d2 37.Rd1 Rd4 38.Kf1 Nd6 39.f3 Kg7 40.Ne4 
Nxe4 41.fxe4 Kf6 42.Ke2 Ke5 43.Rxd2 Rxd2+ 44.Kxd2 Kxe4 45.Kc3 Kf4 46.b5 
Kg3 47.Kb4 g5 48.Ka5 Kxg2 49.Ka6 Kxh3 50.Kxa7 g4 51.b6 g3 52.b7 g2 0-1

[Event "POL-chT3"]
[Site "Jastrzebia Gora POL"]
[Date "2016.09.08"]
[Round "6.17"]
[White "Szczesniak, Andrzej"]
[Black "Kalmuk, Krzysztof"]
[Result "1-0"]
[WhiteElo "1943"]
[BlackElo "2004"]
[EventDate "2016.09.02"]

1.c4 Nf6 2.Nc3 e5 3.Nf3 Nc6 4.e3 Bb4 5.Qc2 O-O 6.Nd5 Bc5 7.Ng5 g6 8.Nxf6+ 
Qxf6 9.Ne4 Qe7 10.Nxc5 Qxc5 11.a3 a5 12.b3 d5 13.h4 Be6 14.Bb2 d4 15.h5 f5
16.hxg6 hxg6 17.g4 Kg7 18.gxf5 Bxf5 19.Bd3 Rad8 20.Bxf5 Rxf5 21.Qe4 a4 22.
Rg1 Rf6 23.O-O-O axb3 24.d3 b5 25.f4 exf4 26.exd4 Nxd4 27.Kb1 Rd7 28.Rh1 
c6 29.Qe8 Qf5 30.Qh8+ Kf7 31.Rh7+ Ke6 32.Qe8+ Kd6 33.c5+ Kxc5 34.Rxd7 1-0

[Event "POL-chT3"]
[Site "Jastrzebia Gora POL"]
[Date "2016.09.08"]
[Round "6.18"]
[White "Szydlowska-duda, Marta"]
[Black "Pacuszka, Wioletta"]
[Result "0-1"]
[WhiteElo "2002"]
[BlackElo "1923"]
[EventDate "2016.09.02"]

1.d4 d5 2.Nf3 Nf6 3.Bf4 e6 4.e3 c5 5.c3 Nc6 6.Bd3 Bd6 7.Bg3 O-O 8.Nbd2 b6 
9.Ne5 Bb7 10.O-O g6 11.f4 Nh5 12.Be1 f5 13.Rf3 c4 14.Be2 b5 15.Rh3 Nf6 16.
Bh4 Be7 17.Qe1 Ne4 18.Nxe4 dxe4 19.Qg3 Bxh4 20.Rxh4 Nxe5 21.fxe5 Rf7 22.
Rh6 Bd5 23.Rf1 Rb8 24.Rf4 Rbb7 25.Rfh4 Rg7 26.Qh3 a5 27.a3 b4 28.axb4 axb4
29.cxb4 Qa8 30.Qg3 Rxb4 31.Rxh7 Rxh7 32.Qxg6+ Rg7 33.Qh5 Qf8 34.Qh8+ Kf7 
35.Qh6 Ke7 36.Qf4 Rxb2 37.Qf1 Qb8 38.Bd1 Rbxg2+ 39.Qxg2 Rxg2+ 40.Kxg2 Qb2+
41.Kg3 Qd2 42.Rh7+ Kf8 0-1

[Event "POL-chT3"]
[Site "Jastrzebia Gora POL"]
[Date "2016.09.08"]
[Round "6.19"]
[White "Mucha, Roman"]
[Black "Rudolf, Michal"]
[Result "1/2-1/2"]
[WhiteElo "2190"]
[BlackElo "2339"]
[EventDate "2016.09.02"]

1.f4 c5 2.Nf3 Nc6 3.g3 g6 4.Bg2 Bg7 5.O-O e6 6.e4 d6 7.Nc3 Nge7 8.d3 O-O 
9.Be3 Nd4 10.Qd2 Rb8 11.Nd1 b5 12.c3 Nxf3+ 13.Bxf3 b4 14.d4 bxc3 15.Nxc3 
Nc6 16.dxc5 dxc5 17.Qxd8 Rxd8 18.Bxc5 Rxb2 19.e5 Nd4 20.Be4 f5 21.Rfd1 Bf8
22.Bxd4 Rxd4 23.Bf3 Bc5 24.Kh1 Rf2 25.Bc6 Ba6 26.Nb5 Rxd1+ 27.Rxd1 Rxa2 
28.Nc7 Kf7 29.Be8+ Kg8 30.Bc6 Kf7 31.Be8+ Kf8 32.Bc6 Kf7 1/2-1/2

[Event "POL-chT3"]
[Site "Jastrzebia Gora POL"]
[Date "2016.09.08"]
[Round "6.20"]
[White "Warszawski, Bartosz"]
[Black "Bus, Konrad"]
[Result "1/2-1/2"]
[WhiteElo "2223"]
[BlackElo "2245"]
[EventDate "2016.09.02"]

1.e4 c6 2.d4 d5 3.exd5 cxd5 4.c4 Nf6 5.Nc3 g6 6.Qb3 Bg7 7.cxd5 O-O 8.Be2 
Nbd7 9.Bf3 Nb6 10.Nge2 Bf5 11.a4 a5 12.Qb5 Ne8 13.O-O Nd6 14.Qb3 Bd3 15.
Bf4 Bc4 16.Qa3 Nf5 17.d6 Nxd6 18.Bxd6 exd6 19.Bxb7 Ra7 20.Bf3 Re7 21.b3 
Ba6 22.Nb5 Bxb5 23.axb5 Rfe8 24.Ra2 Ra7 25.Rd2 Qg5 26.Rc2 Qxb5 27.Rfc1 Re6
28.d5 Rf6 29.Nd4 Qd7 30.Nc6 Ra8 31.b4 a4 32.Re2 Rf4 33.Qe3 Rc4 34.Rce1 
1/2-1/2

[Event "POL-chT3"]
[Site "Jastrzebia Gora POL"]
[Date "2016.09.08"]
[Round "6.21"]
[White "Bednarczyk, Damian"]
[Black "Chalupnik, Marcin"]
[Result "1-0"]
[WhiteElo "2158"]
[BlackElo "2191"]
[EventDate "2016.09.02"]

1.d4 Nf6 2.c4 c5 3.d5 b5 4.cxb5 a6 5.b6 d6 6.Nc3 Nbd7 7.a4 Qxb6 8.a5 Qb7 
9.e4 e6 10.Nf3 exd5 11.exd5 Be7 12.Be2 O-O 13.O-O Rb8 14.Re1 Qa8 15.Bc4 
Re8 16.h3 Bf8 17.Rxe8 Nxe8 18.b3 Nc7 19.Qd3 Bb7 20.Qf5 Nf6 21.Bb2 Re8 22.
Rd1 h6 23.g4 Qd8 24.Na4 Be7 25.Nb6 Nh7 26.Re1 Bf6 27.Rxe8+ Qxe8 28.Bc1 Ng5
29.Bxg5 hxg5 30.Nxg5 Qe1+ 31.Kg2 Qxa5 32.Nd7 Bxg5 33.Qxg5 Ne6 34.Qe7 Nf4+ 
35.Kg3 Ng6 36.Qe8+ Kh7 37.Bd3 Qd2 38.Nf8+ Kh6 39.Bxg6 Qc3+ 40.Kh2 Bxd5 41.
h4 f6 42.Be4 1-0

[Event "POL-chT3"]
[Site "Jastrzebia Gora POL"]
[Date "2016.09.08"]
[Round "6.22"]
[White "Rams, Michal"]
[Black "Slezak, Robert"]
[Result "0-1"]
[WhiteElo "2199"]
[BlackElo "2134"]
[EventDate "2016.09.02"]

1.e4 c5 2.Nf3 Nc6 3.d4 cxd4 4.Nxd4 e5 5.Nb5 d6 6.c4 Be6 7.N1c3 a6 8.Na3 
Rc8 9.Bd3 Be7 10.O-O Bg5 11.Nd5 h6 12.Nc2 Nge7 13.Nce3 Nd4 14.b3 O-O 15.
Bb2 Ndc6 16.Kh1 Ng6 17.Be2 Nce7 18.Bg4 Rc6 19.g3 Bxe3 20.Nxe3 Qd7 21.Bxe6 
Qxe6 22.Kg2 Kh7 23.Qd3 f5 24.exf5 Nxf5 25.Nxf5 Rxf5 26.Qe4 Rh5 27.h4 Kh8 
28.f3 Qf7 29.Rad1 Rf5 30.Ba3 Rf6 31.Rd3 Ne7 32.c5 d5 33.Qxe5 Rfe6 34.Qb2 
Qg6 35.Qd2 Nf5 36.g4 Nxh4+ 37.Kh3 Qf6 38.Bb2 Qe7 0-1

[Event "POL-chT3"]
[Site "Jastrzebia Gora POL"]
[Date "2016.09.08"]
[Round "6.23"]
[White "Mucha, Magdalena"]
[Black "Kaim, Piotr"]
[Result "1-0"]
[WhiteElo "1947"]
[BlackElo "2158"]
[EventDate "2016.09.02"]

1.e4 c6 2.Nc3 d5 3.Nf3 dxe4 4.Nxe4 Nf6 5.Nxf6+ gxf6 6.d4 Bg4 7.Be2 Qc7 8.
Be3 Nd7 9.Qd2 e6 10.O-O-O Bd6 11.h3 Bh5 12.g4 Bg6 13.Bd3 O-O-O 14.h4 Nb6 
15.h5 Bxd3 16.Qxd3 Kb8 17.Nd2 Nd5 18.Ne4 Be7 19.c4 f5 20.cxd5 fxe4 21.Qxe4
Rxd5 22.Kb1 Bd6 23.h6 a5 24.Qf3 Qe7 25.Qe4 a4 26.f4 f5 27.gxf5 exf5 28.
Qxe7 Bxe7 29.Kc2 Bf8 30.Rh5 Rd6 31.Rdh1 Re6 32.Kd3 Rg8 33.Rg5 Rgg6 34.Rxf5
Bxh6 35.Re5 Ref6 36.Ke4 Rg8 37.Reh5 Re8+ 38.Kf3 Bf8 39.Re5 Rd8 40.Rxh7 Bd6
41.Reh5 a3 42.bxa3 Bxa3 43.Rh8 Rxh8 44.Rxh8+ Kc7 45.Rh5 Kd6 46.Ke4 Re6+ 
47.Re5 Rg6 48.f5 Rg2 49.Bf4 Kd7 50.Ra5 Be7 51.Be5 Rg4+ 52.Kf3 Rg1 53.Ra7 
Kc8 54.Ra8+ Kd7 55.Rb8 b5 56.Rb7+ Ke8 57.Rc7 Ra1 58.Rxc6 Rxa2 59.f6 Bb4 
60.Rc7 Ra1 61.Ke4 Rf1 62.Kd5 Kd8 63.Ke6 1-0